Paths of Innovators: (Record no. 186178)

MARC details
000 -LEADER
fixed length control field 00648nam a22001937a 4500
005 - DATE AND TIME OF LATEST TRANSACTION
control field 20220308103314.0
010 ## - LCCN (DPL NO)
LC control number ENG-131611
020 ## - INTERNATIONAL STANDARD BOOK NUMBER
International Standard Book Number 97893862359725
Terms of availability 925.00
035 ## - SYSTEM CONTROL NUMBER
System control number EN-115143
037 ## - SOURCE OF ACQUISITION
Source of stock number/acquisition DBAD
082 ## - DEWEY DECIMAL CLASSIFICATION NUMBER
Classification number 509.2
100 ## - MAIN ENTRY--PERSONAL NAME
Personal name Parthasarathy, R.
245 ## - TITLE STATEMENT
Title Paths of Innovators:
Remainder of title In Science, Engineering And Technology/
Statement of responsibility, etc R Parthasarathy
250 ## - EDITION STATEMENT
Edition statement Special Edition
260 ## - PUBLICATION, DISTRIBUTION, ETC. (IMPRINT)
Place of publication, distribution, etc Hyderabad
Name of publisher, distributor, etc Universities Press Private Limited
Date of publication, distribution, etc 2018
270 ## - ADDRESS
Address 3-6-747/1/a & 3-6-754/1, Himayatnagar
City Hyderabad
Postal code 500029
Electronic mail address info@universitiespress.com
300 ## - PHYSICAL DESCRIPTION
Extent 326p.
Other physical details Index
Dimensions 24cm(hbk)
942 ## - ADDED ENTRY ELEMENTS (KOHA)
Source of classification or shelving scheme Dewey Decimal Classification
Item type English Books
Classification part 509.2
Call number suffix PAR
Holdings
Withdrawn status Lost status Not for loan Collection code Home library Current library Date acquired Source of acquisition Cost, normal purchase price Full call number Barcode Copy number Cost, replacement price Koha item type
      Non-fiction Bawana Bawana 16/02/2022 DBAD/PUB 925.00 509.2 PAR EN-115143 1 925.00 English Books

© Delhi Public Library
Hit Counter
free hit counter